Data Mining : (Record no. 13462)
[ view plain ]
| 000 -LEADER | |
|---|---|
| fixed length control field | 01579cam a22002894a 4500 |
| 001 - CONTROL NUMBER | |
| control field | 15448007 |
| 005 - DATE AND TIME OF LATEST TRANSACTION | |
| control field | 20090901082546.0 |
| 008 - FIXED-LENGTH DATA ELEMENTS--GENERAL INFORMATION | |
| fixed length control field | 080911s2009 maua b 001 0 eng |
| 010 ## - LIBRARY OF CONGRESS CONTROL NUMBER | |
| LC control number | 2008040367 |
| 020 ## - INTERNATIONAL STANDARD BOOK NUMBER | |
| International Standard Book Number | 0123746299 |
| 020 ## - INTERNATIONAL STANDARD BOOK NUMBER | |
| International Standard Book Number | 9780123746290 (alk. paper) |
| 040 ## - CATALOGING SOURCE | |
| Original cataloging agency | DLC |
| Transcribing agency | DLC |
| Modifying agency | DLC |
| 050 00 - LIBRARY OF CONGRESS CALL NUMBER | |
| Classification number | QA76.9.D343 |
| Item number | D38345 2009 |
| 082 00 - DEWEY DECIMAL CLASSIFICATION NUMBER | |
| Classification number | 005.74 |
| Edition number | 22 |
| Item number | CHA |
| 245 00 - TITLE STATEMENT | |
| Title | Data Mining : |
| Remainder of title | know It All / |
| Statement of responsibility, etc | Soumen Chakrabarti ... [et al.]. |
| 260 ## - PUBLICATION, DISTRIBUTION, ETC. (IMPRINT) | |
| Place of publication, distribution, etc | Burlington, MA : |
| Name of publisher, distributor, etc | Elsevier/Morgan Kaufmann Publishers, |
| Date of publication, distribution, etc | c2009. |
| 300 ## - PHYSICAL DESCRIPTION | |
| Extent | xiii, 460 p. : |
| Other physical details | ill. ; |
| Dimensions | 25 cm. |
| 500 ## - GENERAL NOTE | |
| General note | Includes Index. |
| 504 ## - BIBLIOGRAPHY, ETC. NOTE | |
| Bibliography, etc | Includes bibliographical references and index. |
| 505 0# - FORMATTED CONTENTS NOTE | |
| Formatted contents note | What's it all about? -- Data acquisition and integration -- Data preprocessing -- Physical design for decision support, warehousing, and OLAP -- Algorithms, the basic methods -- Further techniques in decision analysis -- Fundamental concepts of genetic algorithms -- Data structures and algorithms for moving objects types -- Improving the model -- Social network analysis. |
| 650 #0 - SUBJECT ADDED ENTRY--TOPICAL TERM | |
| Topical term or geographic name as entry element | Data mining. |
| 9 (RLIN) | 11687 |
| 700 1# - ADDED ENTRY--PERSONAL NAME | |
| Personal name | Chakrabarti, Soumen. |
| 9 (RLIN) | 11688 |
| 856 41 - ELECTRONIC LOCATION AND ACCESS | |
| Materials specified | Table of contents only |
| Uniform Resource Identifier | <a href="http://www.loc.gov/catdir/toc/ecip0828/2008040367.html">http://www.loc.gov/catdir/toc/ecip0828/2008040367.html</a> |
| 942 ## - ADDED ENTRY ELEMENTS (KOHA) | |
| Source of classification or shelving scheme | Dewey Decimal Classification |
| Item type | Book - Borrowing |
| Withdrawn status | Item status | Source of classification or shelving scheme | Damaged status | Not for loan | Vendor | Home library | Current library | Shelving location | Date acquired | Source of acquisition | Cost, normal purchase price | Serial Enumeration / chronology | Total Checkouts | Total Renewals | Full call number | Barcode | Date last seen | Date last borrowed | Koha item type |
|---|---|---|---|---|---|---|---|---|---|---|---|---|---|---|---|---|---|---|---|
| Dewey Decimal Classification | Alahram | Central Library | Central Library | Lower Floor | 22/02/2010 | 445.00 | 33 | 1 | 1 | 005.74 CHA | 000019917 | 15/07/2025 | 22/02/2010 | Book - Borrowing |